| 000 | 00575nam a22002057a 4500 | ||
|---|---|---|---|
| 003 | BD-ChCU | ||
| 005 | 20260506102439.0 | ||
| 008 | 260506b nu ||||| |||| 00| 0 eng d | ||
| 020 | _a978-0136637998 | ||
| 040 | _cBD-ChCU | ||
| 082 |
_223 _a401 A461p |
||
| 100 |
_aAlston, William P. _922466 |
||
| 245 |
_aPhilosophy of language / _cWilliam P Alston. |
||
| 260 |
_aNew Joursy : _bPrentice-Hall, _c1964 |
||
| 300 | _a113 P. : | ||
| 504 | _aIncludes. | ||
| 650 | 0 |
_aLanguage and language philosophy. _922468 |
|
| 700 |
_aElizabeth. _eEditor _922469 |
||
| 942 |
_2ddc _cBK _n0 |
||
| 999 |
_c112714 _d112714 |
||